| 000 | 02084cam a22006134i 4500 | ||
|---|---|---|---|
| 003 | PE-LiUPU | ||
| 005 | 20250731170446.0 | ||
| 008 | 150706s2007 mx a r 000 0 spa d | ||
| 020 | _a9682480272 | ||
| 020 | _a9789682480270 | ||
| 035 | _a(Sirsi) i9789682480270 | ||
| 040 |
_aPE-LiUPU _bspa _cPE-LiUPU _dPE-LiUPU _erda |
||
| 049 | _aPRUA | ||
| 082 | 0 | 4 |
_a155.413 _bR74 _221 |
| 100 | 1 |
_aRodríguez de Ibarra, Diana, _eautor. |
|
| 245 | 1 | 4 |
_aLas 3 inteligencias : _bintelectual, emocional y moral / _cDiana Rodríguez de Ibarra. |
| 264 | 1 |
_aMéxico : _bTrillas, _c2007. |
|
| 300 |
_a144 páginas : _bilustraciones ; _c23 centímetros |
||
| 336 |
_atext _2rdacontent |
||
| 337 |
_aunmediated _2rdamedia |
||
| 338 |
_avolume _2rdacarrier |
||
| 505 | 0 | _a¿Qué es la inteligencia intelectual? -- ¿Qué es la inteligencia emocional? -- ¿Qué es la inteligencia moral? -- Las 3 inteligencias unidas para ser mejores personas -- La sexualidad inteligencias. | |
| 526 | _aSEG68 | ||
| 526 | _aSEG70 | ||
| 526 | _aSEG69 | ||
| 526 | _aSEG67 | ||
| 526 | _aSEG43 | ||
| 526 | _aP144 | ||
| 526 | _aP143 | ||
| 526 | _aP131 | ||
| 526 | _aP122 | ||
| 526 | _aP120 | ||
| 526 | _aP117 | ||
| 526 | _aP112 | ||
| 526 | _aP110 | ||
| 526 | _aP106 | ||
| 526 | _aP101 | ||
| 526 | _aP80 | ||
| 526 | _aP59 | ||
| 526 | _aP54 | ||
| 526 | _aP35 | ||
| 526 | _aP33 | ||
| 526 | _aP30 | ||
| 541 | _g001-0030486; | ||
| 650 | 0 | 4 | _aConducta de la vida. |
| 650 | 0 | 4 | _aNiño, estudio del. |
| 650 | 0 | 4 | _aPsicología pedagógia. |
| 910 |
_agl _bjv _cng _d20090917 |
||
| 942 |
_2ddc _cBOOK |
||
| 949 |
_a155.413 R74 _wDEWEY _c1 _i60425 _lCCODEBUL1 _mBUL _p19.00 _r0 _sY _tBOOK _u2015-7-6 _xSALUD _PP33 _0COMPRA _o.STAFF. Colección Ciencias de la Salud |
||
| 994 |
_aC0 _bPEPRU |
||
| 596 | _a1 | ||
| 999 |
_a155.413 R74 _wDEWEY _c49878 _i60425 _d49878 _e2019-10-27 _f2021-11-3 _g5 _lCCODEBUL1 _mBUL _n9 _p19.00 _q1 _r0 _sY _tBOOK _u2015-7-6 _xSALUD _zP33 _0COMPRA _o.STAFF. Colección Ciencias de la Salud |
||
| 980 |
_81 _gALBERTO SANCHEZ Responsable de Automatización |
||